000 00545nam a22001937a 4500
003 KOHA_MİRAKIL
005 20251224163422.0
008 251224b tu ||||| |||| 00| 0 tur d
020 _a9789751756756
040 _aTR-AnABB
_btur
_cTR-AnABB
041 _atur
082 _a723.3
_bYIL 2023
100 1 _aYılmaz, Mehmet Emin,
245 1 0 _aKilise çevrilen Türk eserleri /
_cMehmet Emin Yılmaz
260 _aAnkara :
_bYTB yayınları,
_c2023
300 _a847 sayfa ;
_c28 cm
650 0 4 _aİslâm mimarisi
942 _2ddc
_cBK
999 _c9968
_d9968
900 _bGizem YORULMAZ